October house prices up 2% (Record no. 73736)

MARC details
000 -LEADER
fixed length control field 01125cam a2200217 4500
001 - CONTROL NUMBER
control field WB3942-11
008 - FIXED-LENGTH DATA ELEMENTS--GENERAL INFORMATION
fixed length control field 031104n2003 000 0 eng u
035 ## - SYSTEM CONTROL NUMBER
System control number (Sirsi) u124226
245 ## - TITLE STATEMENT
Title October house prices up 2%
260 ## - PUBLICATION, DISTRIBUTION, ETC.
Date of publication, distribution, etc. 2003
490 ## - SERIES STATEMENT
Series statement Nationwide Press Release
Volume/sequential designation 31 October 2003 (4)
520 ## - SUMMARY, ETC.
Summary, etc. House prices rose by a seasonally adjusted 2% in October according to the latest "Nationwide monthly review" with the annual rate of house price inflation increasing to 16.1% from 15.5% in September. The average house price stands at £131 947. This latest, rapid price rise combined with a record level of house purchase approvals in September (£17.3bn). indicates that some strength is returning to the housing market with prospects in London improving. http://www.nationwide.co.uk/hpi/historical/MPR0310.pdf
590 ## - LOCAL NOTE (RLIN)
Local note WB
650 ## - SUBJECT ADDED ENTRY--TOPICAL TERM
Topical term or geographic name entry element NATIONWIDE BUILDING SOCIETY
650 ## - SUBJECT ADDED ENTRY--TOPICAL TERM
Topical term or geographic name entry element HOUSE PRICE SURVEYS
650 ## - SUBJECT ADDED ENTRY--TOPICAL TERM
Topical term or geographic name entry element HOUSING MARKET SURVEYS
650 ## - SUBJECT ADDED ENTRY--TOPICAL TERM
Topical term or geographic name entry element HOUSING MARKET FORECASTS
650 ## - SUBJECT ADDED ENTRY--TOPICAL TERM
Topical term or geographic name entry element HOUSE PRICE INFLATION
690 ## - LOCAL SUBJECT ADDED ENTRY--TOPICAL TERM (OCLC, RLIN)
Topical term or geographic name as entry element PROPERTY-RESIDENTIAL PROPERTY-RESIDENTIAL PROPERTY MARKET
942 ## - ADDED ENTRY ELEMENTS (KOHA)
Suppress in OPAC 0
Holdings
Withdrawn status Lost status Source of classification or shelving scheme Damaged status Not for loan Home library Current library Shelving location Date acquired Total Checkouts Full call number Barcode Date last seen Copy number Price effective from Koha item type
    Dewey Decimal Classification     London London News article 04/11/2003   WB3942-11 124226-1001 06/08/2019 1 06/08/2019 News article